| 000 | 00351nam a22001217a 4500 | ||
|---|---|---|---|
| 008 | 170126b xxu||||| |||| 00| 0 eng d | ||
| 050 | _aBX1970.N338 | ||
| 100 |
_aNcube, Raphael M. _928492 |
||
| 245 |
_aPriests and Liturgy _cRaphael M. Ncube |
||
| 260 |
_aPlumtree _bIlizwi Publications _c2012 |
||
| 300 |
_aiv, 174p. ; _c23cm. |
||
| 942 |
_2lcc _cMONOGRAPH |
||
| 999 |
_c126015 _d126015 |
||